| 000 | 01440nam a22002897a 4500 | ||
|---|---|---|---|
| 001 | 668 | ||
| 005 | 20230630085823.0 | ||
| 008 | 230629b cb ||||| |||| 00| 0 eng d | ||
| 020 | _a9781599535616 (library edition : alk. paper) | ||
| 020 | _z9781603575300 (ebook) | ||
| 040 |
_aDLC _beng _cDLC _erda _dDLC |
||
| 050 | 0 | 0 |
_aTA601 _b.P47 2013 |
| 082 | 0 | 0 |
_a530.8 _223 |
| 100 | 1 | _aPerritano, John. | |
| 245 | 1 | 0 |
_aLooking for Blackbeard's treasure : _bmeasuring the distance / _cby John Perritano ; content consultant David Hughes, mathematics curriculum specialist. |
| 260 |
_aChicago : _bNorwood House Press : _c2003. |
||
| 300 |
_a32 pages ; _c22 cm. _bcolor illustrations. |
||
| 490 | 0 | _aiMath Readers Measuring Distance | |
| 505 | 0 | _aK | |
| 520 |
_a"The mathematical concepts of distance and measuring distance are introduced as readers learn about a pirate, using math to find the distance between ships and treasures. Readers learn about the difference between metric and customary units of length, how to convert units, and how to compare distances. Includes a discover activity, art connection, and mathematical vocabulary introduction"-- _cProvided by publisher. |
||
| 521 | 1 |
_a610
_bLexile |
|
| 521 | 2 |
_aK
_bRaz-Plus |
|
| 650 | 0 |
_aDistances _xMeasurement _vJuvenile literature. |
|
| 650 | 0 |
_aDistances _xMeasurement _vJuvenile literature. |
|
| 906 |
_a7 _bcbc _corignew _d1 _eecip _f20 _gy-gencatlg |
||
| 942 |
_2ddc _cBK _n0 |
||
| 999 |
_c668 _d668 |
||